[Event "Unterfranken-ch HT 52th"]
[Site "Massbach"]
[Date "2001.04.19"]
[Round "?"]
[White "Ebner, Simon"]
[Black "Engelbrecht, Klaus"]
[Result "0-1"]
[WhiteElo "793"]
[BlackElo "1228"]
[PlyCount "128"]
[EventDate "2001.04.16"]
[EventType "swiss"]
[EventRounds "9"]
[EventCountry "GER"]
[SourceTitle "EXT 2015"]
[Source "ChessBase"]
[SourceDate "2014.11.20"]
[SourceVersion "1"]
[SourceVersionDate "2014.11.20"]
[SourceQuality "1"]

1. c4 e6 2. e4 c6 3. d3 Bb4+ 4. Nc3 Ne7 5. a3 Bxc3+ 6. bxc3 d5 7. exd5 cxd5 8. d4 Qc7 9. Qb3 Nd7 10. cxd5 Nxd5 11. c4 N5f6 12. Bd3 Nc5 13. Qb5+ Nfd7 14. Be2 a6 15. Qb1 Na4 16. Qc2 Nab6 17. c5 Nd5 18. Nf3 0-0 19. Bd3 f5 20. 0-0 h6 21. Bc4 N5f6 22. Bxe6+ Kh8 23. Bxf5 Nd5 24. Bxd7 Bxd7 25. Ne5 Bf5 26. Ng6+ Kg8 27. Qc4 Bxg6 28. Qxd5+ Bf7 29. Qe4 Rae8 30. Qc2 b5 31. Bd2 Bc4 32. Rfe1 Qf7 33. f3 Be2 34. Qc3 Qd5 35. f4 Re4 36. Be3 Bc4 37. Rad1 Rf5 38. g3 h5 39. h4 Kh7 40. Kf2 Kh6 41. Rd2 Qd8 42. Kf3 g5 43. hxg5+ Kg6 44. Kg2 Qd7 45. Kg1 Rd5 46. Kf2 Qh3 47. a4 Qh2+ 48. Kf3 Qh3 49. Rg1 Qe6 50. a5 Rd8 51. Rgd1 Re8 52. Re1 Bd5 53. Kf2 Qh3 54. c6 Rxe3 55. Rxe3 Qg2+ 56. Ke1 Qg1+ 57. Ke2 Bc4+ 58. Rdd3 Rxe3+ 59. Kd2 Rxd3+ 60. Qxd3+ Bxd3 61. Kxd3 Qxg3+ 62. Ke4 Qg2+ 63. Ke5 Qxc6 64. d5 Qd7 0-1

[Event "Unterfranken-ch HT 52th"]
[Site "Massbach"]
[Date "2001.04.18"]
[Round "4"]
[White "Barthel, Andre"]
[Black "Ebner, Simon"]
[Result "0-1"]
[WhiteElo "859"]
[BlackElo "793"]
[PlyCount "62"]
[EventDate "2001.04.16"]
[EventType "swiss"]
[EventRounds "9"]
[EventCountry "GER"]
[SourceTitle "EXT 2015"]
[Source "ChessBase"]
[SourceDate "2014.11.20"]
[SourceVersion "1"]
[SourceVersionDate "2014.11.20"]
[SourceQuality "1"]

1. c4 e5 2. Nc3 Nc6 3. d3 Nf6 4. g3 Bc5 5. e3 b6 6. Bg2 Bb7 7. Nge2 Rb8 8. 0-0 Ne7 9. Bxb7 Rxb7 10. a3 c6 11. b4 Bd6 12. Ne4 Nxe4 13. dxe4 Bc7 14. Qd3 d5 15. exd5 cxd5 16. cxd5 Nxd5 17. Qa6 Qc8 18. Rd1 Nf6 19. Nc3 0-0 20. Bb2 Rd8 21. Rxd8+ Bxd8 22. Rd1 Rc7 23. Qd3 Rd7 24. Qc2 Rxd1+ 25. Qxd1 Ng4 26. h3 Nf6 27. Kh2 Be7 28. Nb5 Qc4 29. Qa4 Qf1 30. Qxa7 Qxf2+ 31. Kh1 Qf3+ 0-1